MAASAI MARA UNIVERSITY

LIBRARY CATALOGUE

Contact Us: +254 020 2685356/7 or 0774 057787

Box: 861-20500, NAROK, KENYA

Email: info@mmarau.ac.ke

(Record no. 270)

MARC details
000 -LEADER
fixed length control field 00402nam a2200133Ia 4500
008 - FIXED-LENGTH DATA ELEMENTS--GENERAL INFORMATION
fixed length control field 151015s9999 xx 000 0 und d
020 ## - INTERNATIONAL STANDARD BOOK NUMBER
International Standard Book Number 8174888780
050 ## - LIBRARY OF CONGRESS CALL NUMBER
Classification number HD30.28.R42 1998
250 ## - EDITION STATEMENT
Edition statement _Readings in Business Policy and Planning edited by Krishna Rungachary
300 ## - PHYSICAL DESCRIPTION
Extent India Anmol Publications 1998
500 ## - GENERAL NOTE
General note includes index
650 ## - SUBJECT ADDED ENTRY--TOPICAL TERM
Topical term or geographic name as entry element _Business
700 ## - ADDED ENTRY--PERSONAL NAME
Personal name ^d20101209 11:46:51^okorir

No items available.

© 2016 Maasai Mara University.